Jacques Cartier - Statistiques

Statistiques générales
  • Ce quiz a été pris 40 fois
  • Le résultat moyen est 6 sur 8
Statistiques - réponses
Question Réponse % Correct
Jacques Cartier a découvert le Canada
100%
Quel fleuve a-t-il découvert? Saint-Laurent
100%
Jacques Cartier est né à/en .... ? Bretagne
88%
Quel roi de France a envoyé Jacques Cartier faire une expédition? François 1er
88%
En quelle année naît Jacques Cartier? 1491
75%
Combien de voyages Jacques a-t-il fait? trois
63%
En quelle année, il découvre le Fleuve? 1535
38%
Quel est le fort que Jacques fait construire? Charlesbourg-Royal
13%
Aucun quiz correspondant
Distribution des résultats
% des personnes avec chaque résultat
Percentile par nombre de réponses
Votre historique - résultats
Vous n’avez pas pris ce quiz